LEADER 01840nam a2200361 i 4500 001 000000115646 003 CaOOAMICUS 005 20030527000000.0 008 030527s1990 fr u000 u mul u 013 $a88335 020 $a2-251-32023-7 020 $a2-220-03174-8 040 $aSeMil$bita 240 00$aBibbia. Nuovo Testamento. Vangelo secondo Giovanni.$0(OLS)http://semarc/title/455506 245 10$aÉvangile selon Jean /$cprésentation du texte grec, traduction et notes établies par Jeanne d'Arc ; préface de A. M. Carré. 260 $aParis :$bDesclée de Brouwer,$c1990. 260 $aParis :$bLes Belles Lettres,$c1990. 300 $aXIII, [300] p. + 16 p. di tav. :$bill. ;$c21 cm. 490 0 $aNouvelle collection de textes et documents 500 $aDoppia sequenza numerica. - Testo greco con traduzione francese a fronte. - In all.: Analyse des verbes grecs et de quelques mots difficiles dans l'ordre du texte. - Fondo Card. C.M. Martini. 700 1 $aD'Arc, Jeanne,$c.$0(OLS)http://semarc/name/33390 700 1 $aCarré, Ambroise-Marie,$c.$0(OLS)http://semarc/name/14437 773 0 $tÉvangiles.$dParis : Les Belles Lettres, 1986.$w()9378 830 0$aNouvelle collection de textes et documents.$0(OLS)http://semarc/title/12386 850 $aSeMil 852 $aSeMil$W1$xVenegono$y1$m$j2960$B71157$CSeMilBibl$Z2$F0 $82 941 1 $a4 961 $aOmaggio: Martini Card. Carlo Maria 996 $6020$a2-251-32023-7$9(OLS)http://semarc/number/99492 996 $6020$a2-220-03174-8$9(OLS)http://semarc/number/99493 996 $6245$aÉvangile selon Jean$9(OLS)http://semarc/title/169424 996 $6260$aParis :$bLes Belles Lettres$9(OLS)http://semarc/publisher/30422 996 $6260$aParis :$bDesclée de Brouwer$9(OLS)http://semarc/publisher/30132 LEADER 01251nam a2200301 i 4500 001 000000221335 003 CaOOAMICUS 005 20130703000000.0 008 130703s2008 it u000 u ita u 013 $a200232 020 $a978-88-7885-070-5 040 $aSeMil$bita 100 1 $aCorriero, Emilio Carlo.$0(OLS)http://semarc/name/77464 245 10$aVertigini della ragione :$bSchelling e Nietzsche /$cEmilio Carlo Corriero. 260 $aTorino :$bRosenberg & Sellier,$c2008. 300 $a208 p. ;$c21 cm. 490 0 $aDubbio & speranza 500 $aFondo card. C. M. Martini. 600 14$aNietzsche, Friedrich <1844-1900>.$0(OLS)http://semarc/subject/638 600 14$aSchelling, Friedrich <1755-1854>.$0(OLS)http://semarc/subject/3239 830 0$aDubbio & speranza.$0(OLS)http://semarc/title/35374 850 $aSeMil 852 $aSeMil$W1$xVenegono$y1$m2P III 727$j171686$B171686$CSeMilBibl$Z2$F182612 $81 941 1 $a4 961 $aLascito: Martini Card. Carlo Maria 996 $6020$a978-88-7885-070-5$9(OLS)http://semarc/number/220298 996 $6245$aVertigini della ragione :$bSchelling e Nietzsche$9(OLS)http://semarc/title/317271 996 $6260$aTorino :$bRosenberg & Sellier$9(OLS)http://semarc/publisher/29742